00787nam a2200205 a 450000100100000000500170001000800410002704000250006808200200009310000280011324500430014126000630018430000200024759000260026765000280029365000310032191000380035295201760039099900150056600000928820240412074210.0090929s1941 dr r 000 p spa d aDO-SdBNPbspacBNPHU aRD861.44bC175s1 aCambier, Enrique92401214aLos sonetos míos /cEnrique Cambier. aCiudad Trujillo, República Dominicana :bCambier,c1941. a34 p. ;c23 cm. aInventariado, 2019/BT 0aPoesía dominicana966 0aLiteratura dominicana.967 aValidado. Control de calidad. MFF 001050718RVaPDbPDcHDd2009-09-29iLF1l0oRD861.44 C175sp9288-10r2020-06-25w2020-06-25y1zPerteneció a la biblioteca personal de Martínez Boog.ZNo se presta c9049d9049